Las flores del mal / (Record no. 31340)

MARC details
000 -LEADER
campo de control de longitud fija 00958nam a2200277 i 4500
001 - NÚMERO DE CONTROL
campo de control 31340
003 - IDENTIFICADOR DE NÚMERO DE CONTROL
campo de control ES-MaACL
005 - FECHA Y HORA DE LA ÚLTIMA TRANSACCIÓN
campo de control 20250805064133.0
007 - CAMPO FIJO DE DESCRIPCIÓN FÍSICA--INFORMACIÓN GENERAL
campo de control de longitud fija t|
008 - DATOS DE LONGITUD FIJA--INFORMACIÓN GENERAL
campo de control de longitud fija 030129s1916 sp ||||1| spa d
100 1# - ENTRADA PRINCIPAL--NOMBRE DE PERSONA
Nombre de persona Baudelaire, Charles.
9 (RLIN) 26513
245 14 - MENCIÓN DEL TÍTULO
Título Las flores del mal /
Mención de responsabilidad, etc. Charles Baudelaire ; poesías precedidas de una noticia biográfica por Teófilo Gautier ; traducción por Eduardo Marquina.
250 ## - MENCION DE EDICION
Mención de edición 2ª ed.
260 ## - PUBLICACIÓN, DISTRIBUCIÓN, ETC.
Lugar de publicación, distribución, etc. Madrid :
Nombre del editor, distribuidor, etc. [s.n.,
Fecha de publicación, distribución, etc. 1916] (
Fabricante Fortanet)
300 ## - DESCRIPCIÓN FÍSICA
Extensión 410 p. ;
Dimensiones 19 cm.
505 8# - NOTA DE CONTENIDO CON FORMATO
Nota de contenido con formato Contiene: Spleen e ideal. Cuadros de la ciudad de París. El vino. Rebelión. La muerte
700 1# - ENTRADA AGREGADA--NOMBRE PERSONAL
Nombre de persona Gautier, Théophile,
Fechas asociadas al nombre 1811-1872
9 (RLIN) 170960
700 1# - ENTRADA AGREGADA--NOMBRE PERSONAL
Nombre de persona Marquina, Eduardo,
Fechas asociadas al nombre 1879-1946
9 (RLIN) 77043
740 0# - ENTRADA AGREGADA--TÍTULO RELACIONADO/ANALÍTICO NO CONTROLADO
Título relacionado o analítico no controlado Spleen e ideal.
740 0# - ENTRADA AGREGADA--TÍTULO RELACIONADO/ANALÍTICO NO CONTROLADO
Título relacionado o analítico no controlado Cuadros de la ciudad de París.
740 3# - ENTRADA AGREGADA--TÍTULO RELACIONADO/ANALÍTICO NO CONTROLADO
Título relacionado o analítico no controlado El vino.
740 0# - ENTRADA AGREGADA--TÍTULO RELACIONADO/ANALÍTICO NO CONTROLADO
Título relacionado o analítico no controlado Rebelión.
740 3# - ENTRADA AGREGADA--TÍTULO RELACIONADO/ANALÍTICO NO CONTROLADO
Título relacionado o analítico no controlado La muerte.
852 ## - LOCALIZACIÓN
Ubicación ES-MaACL
Número de control de estantería F-9994
Holdings
Estatus retirado Estado de pérdida Estado de daño No para préstamo Biblioteca de origen Biblioteca actual Ubicación en estantería Fecha de adquisición Fuente de adquisición Total de préstamos Signatura topográfica completa Código de barras Visto por última vez Precio de reemplazo Tipo de ítem Koha
        Biblioteca del Ateneo de Madrid Biblioteca del Ateneo de Madrid Sala Pecera Planta 2 17/01/2008     F-9994 1032387 23/02/2023 23/02/2023 Libro impreso